000 00405pab a2200157 454500
008 180718b1988 xxu||||| |||| 00| 0 eng d
100 _aEl,es, Michael
245 _aOrganisational culture and project leader effectiveness
260 _c1988
300 _a54-63
362 _aSept.
650 _aProject Management
700 _aDavid Wilemon
773 _aProject Management Journal
909 _a16204
999 _c16204
_d16204